000
00311nam a22001337a 4500
999
_c
161164
_d
161164
020
_a
082
_a
_b
100
_a
G M Muktibodh
245
_a
Naye sahitya ka saundarya shastra/
_c
by G M Muktibodh.
260
_a
New Delhi:
_b
Radhakrishan Prakashan,
_c
2008.
300
_a
650
_a
942
_c
BK